Joueurs français passés par Tottenham - Statistiques

Statistiques générales
  • Ce quiz a été pris 341 fois
    85 depuis la dernière actualisation
  • Le résultat moyen est 6 sur 17
Statistiques - réponses
Année Matchs Nom % Correct
2012-2024 447 Hugo Lloris
99%
2025- 20 Mathys Tel
79%
2016-2021 202 Moussa Sissoko
71%
2019-2023 91 Tanguy Ndombélé
57%
2024- 21 Wilson Odobert
53%
2022-2023 35 Clément Lenglet
49%
1997-2000 127 David Ginola
43%
2010-2013 78 William Gallas
39%
2007-2015 140 Younès Kaboul
36%
2013-2015 36 Etienne Capoue
23%
2014-2015 25 Benjamin Stambouli
22%
2006-2008 96 Steed Malbranque
14%
2012 12 Louis Saha
13%
2006-2010 1 Dorian Dervite
4%
2004-2005 30 Noé Pamarot
4%
2003-2004 28 Stéphane Dalmat
4%
1999-2002 0 Yannick Kamanan
0%
Aucun quiz correspondant
Distribution des résultats
% des personnes avec chaque résultat
Percentile par nombre de réponses
Votre historique - résultats
Vous n’avez pas pris ce quiz depuis la dernière actualisation